| 000 | 02241cam a2200421 4500 | ||
|---|---|---|---|
| 002 | 7037 | ||
| 008 | #DATE n2003 000 0 eng u | ||
| 020 | _a1860816037 | ||
| 035 | _a(Sirsi) u123386 | ||
| 041 | _aeng | ||
| 050 |
_a694.012 _c18 |
||
| 100 | _aBravery, A. F. | ||
| 245 | _aRecognising wood rot and insect damage in buildings. | ||
| 250 | _a3rd ed. | ||
| 260 |
_aGarston, Watford _bBuilding Research Establishment _c2003 |
||
| 300 | _avi,126p. : ill. ; 20cm. | ||
| 350 | _a22.50 | ||
| 520 | _aThis new edition has been improved by addition of guidance on types of fungal growths which, though less regularly encountered in buildings, nonetheless confuse correct identification and mislead diagnosis. It also has a short section on termites to provide reassurance on recognition and appropriate action should there be suspicion of a rare introduction. Since the first edition was published, there has been a greatly increased emphasis on conservation, repair and refurbishment of timber in buildings. There has also been an increasing desire to avoid the risk of excessive use of remedial preservatives by implementing environmental control strategies to bring decay and insect attack under control. These strategies depend critically on correct diagnosis to prevent inappropriate or unnecessary use of pesticides against extinct attack by wood borers, harmless insects or extinct fungal damage. This book retains its highly popular format (spiral-bound) giving clear and authoritative guidance on the process of inspecting buildings for timber damage and on the identification of causal agencies. [BRE] | ||
| 650 | _aALGAL GROWTH | ||
| 650 | _aBLUE STAIN IN SERVICE | ||
| 650 | _aDECAY | ||
| 650 | _aBUILT ENVIRONMENT-BUILDING PATHOLOGY-INFESTATION (FUNGAL)-FUNGI-DRY ROT | ||
| 650 | _aFUNGI | ||
| 650 | _aINSECT DAMAGE | ||
| 650 | _aMOULD | ||
| 650 | _aREMEDIAL TREATMENT | ||
| 650 | _aTERMITES | ||
| 650 | _aTIMBER | ||
| 650 | _aWET ROT | ||
| 650 | _aWOOD ROT | ||
| 650 | _aWOOD-BORING INSECTS | ||
| 690 | _aBUILT ENVIRONMENT-BUILDING PATHOLOGY | ||
| 700 | _aBerry, R.W. | ||
| 700 | _aCarey, J.K. | ||
| 700 | _aCooper, D.E. | ||
| 710 | _aBuilding Research Establishment | ||
| 942 | _n0 | ||
| 999 |
_c103030 _d103030 |
||